000
00326nam a22001457a 4500
003
CEME
005
20210628210412.0
008
210204b xxu||||| |||| 00| 0 eng d
040
_c
.
082
_a
355.02 STR
100
_a
Keran Aram Strong
_9
79244
245
_a
Muqadas jung, holy war
260
_c
2004
942
_c
BK
_2
ddc
999
_c
584296
_d
584296